[Event "Doroshkevich Memorial op"]
[Site "Maikop"]
[Date "2008.05.27"]
[Round "4"]
[White "Anoshkin, Alexander"]
[Black "Udovichenko, Nikolai"]
[Result "1-0"]
[WhiteElo "2379"]
[BlackElo "2202"]
[PlyCount "195"]
[EventDate "2008.05.24"]
[EventType "swiss"]
[EventRounds "9"]
[EventCountry "RUS"]
[SourceTitle "CBM 124 Extra"]
[Source "ChessBase"]
[SourceDate "2008.07.03"]
[SourceVersion "1"]
[SourceVersionDate "2008.07.03"]
[SourceQuality "1"]

1. e4 e5 2. Nc3 Nc6 3. Bc4 Nf6 4. d3 Na5 5. Nge2 Nxc4 6. dxc4 Bc5 7. f3 c6 8. a3 b6 9. Ng3 0-0 10. b4 Be7 11. f4 exf4 12. Bxf4 d6 13. 0-0 Be6 14. Qe2 Nd7 15. Rad1 Bf6 16. Nd5 Be5 17. Ne3 Qc7 18. Ngf5 c5 19. Nxd6 Bxf4 20. Rxf4 cxb4 21. axb4 Ne5 22. Nd5 Qd8 23. Qh5 Ng6 24. Rf2 Qd7 25. Nf5 Bxd5 26. cxd5 Rfe8 27. Ng3 Rac8 28. d6 Rc4 29. Qf5 Qxf5 30. exf5 Ne5 31. Ra1 Ra8 32. Re2 f6 33. b5 Rc5 34. Rb1 Rd5 35. Ne4 Nc4 36. Ra1 Rxb5 37. d7 Rxf5 38. Rxa7 Rd8 39. Rc7 Kf7 40. Rxc4 Rxd7 41. h3 Rfd5 42. Rc6 Rd1+ 43. Kh2 Rb1 44. c4 h5 45. Nc3 Rc1 46. Re3 Rd2 47. Ne4 Rdd1 48. h4 Kg6 49. Re2 Rd4 50. g3 Rcxc4 51. Rxc4 Rxc4 52. Kg2 b5 53. Nd6 Rb4 54. Re7 Rb2+ 55. Kh3 b4 56. Ne8 b3 57. Rxg7+ Kh6 58. Rb7 Re2 59. Nxf6 b2 60. Rb6 Re6 61. Rxe6 b1Q 62. Nxh5+ Kh7 63. Nf4 Qf5+ 64. Kg2 Qc2+ 65. Kf3 Qd1+ 66. Re2 Kg7 67. Kg4 Kh7 68. Kf5 Qb1+ 69. Kg5 Qb5+ 70. Kg4 Qd7+ 71. Re6 Qg7+ 72. Kh3 Qf7 73. h5 Qd7 74. Kh4 Qd4 75. Kg5 Qd8+ 76. Kg4 Qd1+ 77. Kf5 Qd7 78. g4 Qf7+ 79. Ke4 Qb7+ 80. Kf5 Qf7+ 81. Ke4 Qb7+ 82. Nd5 Qb1+ 83. Ke5 Qe1+ 84. Kd6 Qa5 85. Rg6 Qa6+ 86. Ke5 Qe2+ 87. Kf6 Qf3+ 88. Ke6 Qe2+ 89. Kf7 Qc4 90. Rd6 Qa2 91. g5 Qa7+ 92. Ke6 Qa8 93. Rd7+ Kh8 94. g6 Qg8+ 95. Kf5 Qc8 96. g7+ Kh7 97. Nf6+ Kh6 98. g8N+ 1-0

[Event "Doroshkevich Memorial op"]
[Site "Maikop"]
[Date "2008.05.25"]
[Round "2"]
[White "Udovichenko, Nikolai"]
[Black "Karpov, Vadim"]
[Result "0-1"]
[WhiteElo "2202"]
[BlackElo "2371"]
[PlyCount "106"]
[EventDate "2008.05.24"]
[EventType "swiss"]
[EventRounds "9"]
[EventCountry "RUS"]
[SourceTitle "CBM 124 Extra"]
[Source "ChessBase"]
[SourceDate "2008.07.03"]
[SourceVersion "1"]
[SourceVersionDate "2008.07.03"]
[SourceQuality "1"]

1. e4 c6 2. d4 d5 3. Nd2 dxe4 4. Nxe4 Bf5 5. Ng3 Bg6 6. h4 h6 7. Nf3 e6 8. h5 Bh7 9. Bd3 Bxd3 10. Qxd3 Nf6 11. Bd2 c5 12. 0-0-0 Nc6 13. Bc3 Qd5 14. dxc5 Qxd3 15. Rxd3 Bxc5 16. Bxf6 gxf6 17. Ne4 Be7 18. Nd6+ Bxd6 19. Rxd6 Rg8 20. g3 Rd8 21. Rxd8+ Kxd8 22. Rh4 Ke7 23. Ra4 Rd8 24. g4 Rd5 25. Nh4 b5 26. Re4 Re5 27. Rf4 a5 28. a3 Rd5 29. Re4 Kd6 30. f4 a4 31. Re3 Nd4 32. Nf3 e5 33. fxe5+ fxe5 34. Nd2 Ke6 35. Ne4 f5 36. Nc3 Rc5 37. gxf5+ Kxf5 38. Re1 Nf3 39. Rd1 e4 40. Nd5 Kg5 41. c3 Rc6 42. Ne3 Kf4 43. Nd5+ Kg3 44. Ne3 Rc5 45. Rh1 Rg5 46. Rd1 Kf2 47. Nd5 Rxd5 48. Rxd5 e3 49. Rd8 e2 50. Re8 e1Q+ 51. Rxe1 Kxe1 52. b3 axb3 53. Kb2 Nd2 0-1

[Event "Doroshkevich Memorial op"]
[Site "Belorechensk"]
[Date "2007.06.06"]
[Round "9"]
[White "Mandrikin, Igor"]
[Black "Udovichenko, Nikolai"]
[Result "1-0"]
[WhiteElo "2322"]
[BlackElo "2235"]
[PlyCount "45"]
[EventDate "2007.05.29"]
[EventType "swiss"]
[EventRounds "9"]
[EventCountry "RUS"]
[SourceTitle "EXT 2008"]
[Source "ChessBase"]
[SourceDate "2007.11.25"]
[SourceVersion "1"]
[SourceVersionDate "2007.11.25"]
[SourceQuality "1"]

1. e4 e5 2. Nf3 Nc6 3. Bb5 a6 4. Ba4 Nf6 5. 0-0 Be7 6. Re1 b5 7. Bb3 d6 8. c3 0-0 9. d4 Bg4 10. d5 Na5 11. Bc2 Ne8 12. a4 Nb7 13. axb5 axb5 14. Rxa8 Qxa8 15. Na3 Bd7 16. Qe2 c6 17. dxc6 Bxc6 18. Nxb5 Nc5 19. b4 Ne6 20. Bb3 Nf6 21. Ng5 Nxg5 22. Bxg5 Qb7 23. Na3 1-0